[Event "Championnat de France - Open D"]
[Site "NANCY"]
[Date "2013.08.12"]
[Round "1.1"]
[White "Danelon, Aldo"]
[Black "Clement-Lacroix, Philippe"]
[Result "0-1"]
[WhiteElo "1350"]
[BlackElo "1499"]
[PlyCount "80"]

1. d4 Nf6 2. Bf4 g6 3. h3 Bg7 4. e3 O-O 5. Nf3 d6 6. Bd3 Re8 7. Nc3 Nbd7 8. O-O
e5 9. dxe5 dxe5 10. Bg5 h6 11. Bxf6 Nxf6 12. Ne4 Nxe4 13. Bxe4 Qxd1 14. Raxd1
Be6 15. b3 c6 16. c3 f5 17. Bc2 e4 18. Nd4 Bf7 19. Rd2 Red8 20. Rfd1 a6 21. a3
c5 22. Ne2 Rxd2 23. Rxd2 Bf6 24. c4 Rd8 25. Rxd8+ Bxd8 26. Ng3 Bf6 27. Ne2 b5
28. cxb5 axb5 29. a4 b4 30. g3 c4 31. Nc1 Bb2 32. Ne2 cxb3 33. Bb1 Bc4 34. Kf1
Bc3 35. h4 g5 36. hxg5 hxg5 37. g4 Bd3 38. Bxd3 exd3 39. Nd4 Bxd4 40. exd4 b2
0-1

[Event "Championnat de France - Open D"]
[Site "NANCY"]
[Date "2013.08.12"]
[Round "1.2"]
[White "Courthaudon, Philippe"]
[Black "Lefort, Guillaume"]
[Result "1-0"]
[WhiteElo "1499"]
[BlackElo "1350"]
[PlyCount "69"]

1. Nf3 d5 2. g3 Bf5 3. Bg2 Nf6 4. d3 Nc6 5. Nbd2 e5 6. O-O Bc5 7. c3 a5 8. Qe1
O-O 9. e4 dxe4 10. Nxe4 Bxe4 11. dxe4 Ng4 12. Qe2 Qe7 13. Nh4 Nf6 14. Be3 Bxe3
15. Nf5 Bxf2+ 16. Qxf2 Qe6 17. b3 Rad8 18. Rad1 b6 19. Qe3 g6 20. Qg5 Kh8 21.
Nh6 Ng8 22. Rxd8 Rxd8 23. Nxf7+ Kg7 24. Nxd8 Nxd8 25. Qxd8 Qc6 26. Qd5 Qxd5 27.
exd5 Nf6 28. Re1 Ng4 29. h3 Nf6 30. Rxe5 Nh5 31. g4 Nf4 32. Re7+ Kh6 33. Rxc7
Nd3 34. d6 Ne5 35. d7 1-0

[Event "Championnat de France - Open D"]
[Site "NANCY"]
[Date "2013.08.12"]
[Round "1.3"]
[White "Spor, Edouard"]
[Black "Dupont, Jonathan"]
[Result "0-1"]
[WhiteElo "1340"]
[BlackElo "1499"]
[PlyCount "92"]

1. d4 d5 2. c4 e6 3. e3 Nf6 4. Bd3 g6 5. Nf3 Nbd7 6. c5 Bg7 7. Nbd2 O-O 8. b4
Re8 9. Qc2 c6 10. O-O e5 11. dxe5 Ng4 12. Bb2 Ngxe5 13. e4 Nxd3 14. Bxg7 Nxb4
15. Qc3 Na6 16. Bh6 Qf6 17. Qxf6 Nxf6 18. exd5 cxd5 19. Nb3 Bd7 20. Rfc1 Rac8
21. h3 Ba4 22. Bg5 Ne4 23. Re1 Nexc5 24. Rxe8+ Rxe8 25. Nxc5 Nxc5 26. Rc1 Ne4
27. Re1 Rc8 28. Be3 a6 29. Rb1 Bc6 30. Nd4 Nc3 31. Rb2 Nb5 32. a4 Nxd4 33. Bxd4
Bxa4 34. Rxb7 h6 35. Be3 h5 36. Rb4 Bb5 37. g4 Rc4 38. Bd2 Kf8 39. gxh5 gxh5
40. Bh6+ Ke7 41. Rb2 Ke6 42. f4 Kf5 43. Rb3 Re4 44. Kh2 d4 45. Kg3 Re3+ 46.
Rxe3 dxe3 0-1

[Event "Championnat de France - Open D"]
[Site "NANCY"]
[Date "2013.08.12"]
[Round "1.4"]
[White "Graccione, Angele"]
[Black "Roux, Jean-Marie"]
[Result "0-1"]
[WhiteElo "1499"]
[BlackElo "1336"]
[PlyCount "68"]

1. e4 e5 2. Nf3 Nf6 3. d4 exd4 4. Bd3 c5 5. Bf4 Be7 6. Qe2 O-O 7. Nbd2 Nc6 8.
e5 Nd5 9. Bg3 Re8 10. Bc4 Ndb4 11. O-O-O d6 12. h3 Bf5 13. a3 Nxc2 14. Nf1 Qb6
15. Ne1 Nxa3 16. Bd3 Bxd3 17. Nxd3 Nb5 18. f4 c4 19. Ne1 d3 20. Nxd3 cxd3 21.
Rxd3 Rac8 22. Kd2 Ncd4 23. Qg4 Qa5+ 24. Ke3 Nc2+ 25. Kf3 dxe5 26. Nh2 Ncd4+ 27.
Ke3 exf4+ 28. Bxf4 Bh4+ 29. Be5 Rxe5+ 30. Kf4 Rf5+ 31. Ke3 Re8+ 32. Qe4 Rxe4+
33. Kxe4 Nd6+ 34. Kxd4 Qc5# 0-1

[Event "Championnat de France - Open D"]
[Site "NANCY"]
[Date "2013.08.12"]
[Round "1.5"]
[White "Leglise, Michel"]
[Black "Migot, Martine"]
[Result "1-0"]
[WhiteElo "1333"]
[BlackElo "1499"]
[PlyCount "75"]

1. e4 e5 2. Nf3 Nc6 3. Bb5 Bc5 4. Bxc6 bxc6 5. O-O Nf6 6. Nc3 a6 7. d4 d6 8.
dxc5 O-O 9. cxd6 cxd6 10. Bg5 Bg4 11. Bxf6 Qxf6 12. h3 Bh5 13. g4 Bg6 14. Re1
Rab8 15. b3 Qf4 16. Nh4 Qh6 17. Nxg6 Qxg6 18. Qf3 Rbd8 19. Qf5 h5 20. Qxg6 fxg6
21. Ne2 Rf3 22. gxh5 gxh5 23. Ng3 h4 24. Re3 Rf4 25. Nh5 Rf7 26. f4 Re8 27. Rf1
d5 28. fxe5 Ref8 29. Rxf7 Rxf7 30. exd5 cxd5 31. e6 Re7 32. Nf4 d4 33. Re4 g5
34. Nd5 Rg7 35. e7 g4 36. e8=Q+ Kh7 37. Qh5+ Kg8 38. Re8# 1-0

[Event "Championnat de France - Open D"]
[Site "NANCY"]
[Date "2013.08.12"]
[Round "1.6"]
[White "Pedarrieu, Gerard"]
[Black "Jrade, Sidney"]
[Result "1-0"]
[WhiteElo "1496"]
[BlackElo "1330"]
[PlyCount "53"]

1. e4 e5 2. Nf3 Nc6 3. Bc4 Bc5 4. d3 d6 5. h3 Nd4 6. Nbd2 Be6 7. Nxd4 Bxc4 8.
Nxc4 Bxd4 9. c3 Bc5 10. b4 Bb6 11. a4 Qf6 12. O-O c6 13. Nxb6 axb6 14. Bd2 Ne7
15. f4 O-O 16. f5 d5 17. Qg4 h6 18. Rf3 Rfd8 19. Be1 Kh7 20. Bh4 Qd6 21. f6 Ng6
22. Bg3 gxf6 23. Raf1 dxe4 24. Rxf6 exd3 25. Rxf7+ Kh8 26. Bxe5+ Nxe5 27. Qg7#
1-0

[Event "Championnat de France - Open D"]
[Site "NANCY"]
[Date "2013.08.12"]
[Round "1.7"]
[White "Aumont, Tom"]
[Black "Saucey, Milena"]
[Result "0-1"]
[WhiteElo "1326"]
[BlackElo "1492"]
[PlyCount "76"]

1. d4 Nf6 2. c4 e6 3. Nc3 Bb4 4. Nf3 c5 5. e3 d6 6. a3 Bxc3+ 7. bxc3 O-O 8. Bd3
Nc6 9. O-O e5 10. d5 Ne7 11. e4 Bg4 12. h3 Bh5 13. Re1 Nd7 14. Be3 f5 15. Bg5
f4 16. Be2 Nf6 17. Nd2 Bxe2 18. Qxe2 h6 19. Bxf6 Rxf6 20. f3 Rg6 21. Kh2 Rg5
22. Rg1 Ng6 23. Nf1 Qf6 24. Qf2 Nh4 25. Qxh4 Rxg2+ 26. Rxg2 Qxh4 27. Nd2 Kh7
28. Rag1 g5 29. Nb3 b6 30. Nd2 Qh5 31. Rg4 Rg8 32. h4 Qe8 33. Kh3 Qd7 34. h5
Qf7 35. Kg2 Qxh5 36. Rh1 Qe8 37. Kf2 Qa4 38. Ra1 Qc2 0-1

[Event "Championnat de France - Open D"]
[Site "NANCY"]
[Date "2013.08.12"]
[Round "1.8"]
[White "Reallon, Elsa"]
[Black "Hinzelin, Mireille"]
[Result "1-0"]
[WhiteElo "1491"]
[BlackElo "1324"]
[PlyCount "61"]

1. e4 e5 2. Nf3 Nc6 3. d4 exd4 4. Bc4 Nf6 5. Ng5 Ne5 6. Qxd4 Bd6 7. O-O O-O 8.
Nd2 Nfg4 9. Ngf3 Qf6 10. h3 Nxf3+ 11. Nxf3 Ne5 12. Kh1 h6 13. b3 c5 14. Qc3 a6
15. Bd5 Rb8 16. Bb2 Re8 17. a4 b6 18. Rad1 Bb7 19. Rfe1 Bxd5 20. Rxd5 Re6 21.
Rxd6 Rxd6 22. Qxe5 Qxe5 23. Bxe5 Rd2 24. Nxd2 Re8 25. Nf3 f6 26. Bc7 b5 27.
axb5 axb5 28. Bd6 c4 29. bxc4 bxc4 30. Nd4 Kf7 31. Kh2 1-0

[Event "Championnat de France - Open D"]
[Site "NANCY"]
[Date "2013.08.12"]
[Round "1.9"]
[White "Borowski, Jacques"]
[Black "Tin, Romain"]
[Result "1-0"]
[WhiteElo "1318"]
[BlackElo "1490"]
[PlyCount "159"]

1. Nf3 d5 2. b3 c5 3. e3 Nc6 4. Bb5 Bd7 5. Bb2 a6 6. Bxc6 bxc6 7. Ne5 Nf6 8.
O-O g6 9. d3 Bg7 10. Nd2 O-O 11. c4 Ng4 12. Ndf3 Bf5 13. Nxc6 Qc7 14. Bxg7 Kxg7
15. h3 Qxc6 16. hxg4 Bxg4 17. Ne5 Bxd1 18. Nxc6 Be2 19. Rfe1 Bxd3 20. Nxe7 dxc4
21. bxc4 Ra7 22. Nc6 Rb7 23. Ne5 Bf5 24. e4 Be6 25. a3 Rc7 26. Red1 f6 27. Rd6
Re8 28. Rc6 Rxc6 29. Nxc6 Bd7 30. Na5 Rxe4 31. Rb1 Be6 32. Rb7+ Kh6 33. Rb6
Bxc4 34. Rxf6 Bb5 35. Nb3 c4 36. Nc5 Re1+ 37. Kh2 Ra1 38. Nxa6 Rxa3 39. Nb4 Rb3
40. Nc2 Rb2 41. Nd4 Ba4 42. Ra6 Bd1 43. Nf5+ Kg5 44. Ne3 Be2 45. Ra5+ Kf6 46.
Rc5 Rb4 47. Nd5+ Ke5 48. Nxb4+ Kd4 49. Rd5+ Kc3 50. Na2+ Kc2 51. f4 Bd3 52. g4
Be4 53. Rd4 Bd3 54. g5 Bf5 55. Rxc4+ Kd3 56. Rc7 Ke4 57. Kg3 Kd5 58. Rxh7 Ke6
59. Nc3 Kd6 60. Ne2 Kd5 61. Kf2 Ke4 62. Ng3+ Kd5 63. Nxf5 gxf5 64. g6 Ke6 65.
Kg3 Kf6 66. Rh6 Kg7 67. Rh5 Kxg6 68. Kh4 Kf6 69. Rh6+ Kg7 70. Kg5 Kf7 71. Kxf5
Kg7 72. Ra6 Kf7 73. Kg5 Kg7 74. f5 Kf7 75. Kh6 Ke7 76. Rb6 Kf7 77. Kh7 Kf8 78.
Rb7 Ke8 79. Kg7 Kd8 80. f6 1-0

[Event "Championnat de France - Open D"]
[Site "NANCY"]
[Date "2013.08.12"]
[Round "1.10"]
[White "Blondel, Francis"]
[Black "Rubini, Louis"]
[Result "1-0"]
[WhiteElo "1489"]
[BlackElo "1315"]
[PlyCount "89"]

1. d4 d5 2. c4 e6 3. Nc3 Nf6 4. cxd5 exd5 5. Bg5 Be6 6. e3 c5 7. Nf3 cxd4 8.
Qxd4 Be7 9. Bb5+ Nc6 10. Qa4 Qb6 11. Nd4 Rc8 12. O-O O-O 13. Nf3 a6 14. Bxc6
Rxc6 15. Nd4 Rc4 16. Qc2 Qc7 17. Bf4 Qa5 18. Qe2 Bb4 19. Nb3 Qd8 20. Be5 Ng4
21. Bd4 Qc7 22. f4 Rd8 23. h3 Nh6 24. g4 Qc8 25. Qf3 g6 26. Bf6 Rd6 27. Bg5
Nxg4 28. Be7 Rdc6 29. Bxb4 Rxb4 30. hxg4 Bxg4 31. Qxd5 Bh3 32. Rf2 Qg4+ 33. Kh2
Qh4 34. Kg1 Qg4+ 35. Rg2 Bxg2 36. Qxg2 Qxg2+ 37. Kxg2 Re6 38. Kf3 Kg7 39. Rd1
Kh6 40. Rd4 Rbb6 41. Rd7 f6 42. Ne4 Rb4 43. Nf2 a5 44. Ng4+ Kh5 45. Rxh7# 1-0

[Event "Championnat de France - Open D"]
[Site "NANCY"]
[Date "2013.08.13"]
[Round "2.1"]
[White "Clement-Lacroix, Philippe"]
[Black "Decker, Thomas"]
[Result "1/2-1/2"]
[WhiteElo "1499"]
[BlackElo "1410"]
[PlyCount "62"]
[EventDate "2013.??.??"]

1. e4 c5 2. Nf3 d6 3. d4 cxd4 4. Nxd4 Nf6 5. Nc3 g6 6. Bc4 Bg7 7. O-O O-O 8.
Be3 Nc6 9. Qd2 Nxd4 10. Bxd4 Be6 11. Bxe6 fxe6 12. f3 e5 13. Be3 Qd7 14. Rad1
b6 15. g4 Nxg4 16. fxg4 Qxg4+ 17. Qg2 Qd7 18. Rxf8+ Rxf8 19. Rf1 Qc6 20. Rxf8+
Bxf8 21. Qd2 e6 22. a3 a5 23. Bh6 Bxh6 24. Qxh6 Qc5+ 25. Kg2 b5 26. Qh3 Qc4 27.
b3 Qc8 28. a4 b4 29. Ne2 Qxc2 30. Qxe6+ Kg7 31. Qe7+ Kh6 1/2-1/2

[Event "Championnat de France - Open D"]
[Site "NANCY"]
[Date "2013.08.13"]
[Round "2.2"]
[White "Garassus, Alain"]
[Black "Courthaudon, Philippe"]
[Result "0-1"]
[WhiteElo "1410"]
[BlackElo "1499"]
[PlyCount "64"]
[EventDate "2013.??.??"]

1. d4 g6 2. c4 Bg7 3. Nf3 d6 4. Nc3 e6 5. Bg5 Ne7 6. e4 Nd7 7. Qd2 h6 8. Bh4 b6
9. Rd1 Bb7 10. Qc2 g5 11. Bg3 g4 12. Nh4 Nc6 13. Qd2 Bxd4 14. Ne2 Bf6 15. Nf5
exf5 16. exf5 Qe7 17. Bf4 Bg5 18. Bxg5 Qxg5 19. Qd5 Nb4 20. Qd2 Qxd2+ 21. Rxd2
Ne5 22. Nf4 O-O-O 23. a3 Na6 24. Nd5 Rhe8 25. Nf6 Nf3+ 26. Kd1 Re1+ 27. Kc2
Nxd2 28. Kxd2 Ra1 29. Nxg4 h5 30. Ne3 d5 31. f6 dxc4+ 32. Kc3 Rc1+ 0-1

[Event "Championnat de France - Open D"]
[Site "NANCY"]
[Date "2013.08.13"]
[Round "2.3"]
[White "Dupont, Jonathan"]
[Black "Fornes, Marie"]
[Result "1/2-1/2"]
[WhiteElo "1499"]
[BlackElo "1405"]
[PlyCount "81"]
[EventDate "2013.??.??"]

1. e4 e5 2. Nf3 Nc6 3. Bc4 h6 4. O-O Nf6 5. Nc3 Bc5 6. d3 O-O 7. Be3 Bb4 8. Nd5
Be7 9. Nxf6+ Bxf6 10. c3 d6 11. h3 Re8 12. b4 Be6 13. Qb3 Qd7 14. d4 Bxc4 15.
Qxc4 exd4 16. Nxd4 Bxd4 17. Bxd4 Rxe4 18. Rfe1 Rae8 19. Re3 Nxd4 20. Rxe4 Rxe4
21. cxd4 a6 22. Rc1 c6 23. Qd3 Qe8 24. d5 Re1+ 25. Rxe1 Qxe1+ 26. Kh2 Qe5+ 27.
g3 Qxd5 28. Qxd5 cxd5 29. Kg2 Kf8 30. Kf3 Ke7 31. Ke3 Ke6 32. f4 f5 33. Kd4 b6
34. h4 h5 35. a3 b5 36. Ke3 Kd7 37. Ke2 Kc6 38. Kd3 Kb6 39. Kd4 Kc6 40. Kd3 Kb6
41. Kd4 1/2-1/2

[Event "Championnat de France - Open D"]
[Site "NANCY"]
[Date "2013.08.13"]
[Round "2.4"]
[White "Hatrel, Arnaud"]
[Black "Pedarrieu, Gerard"]
[Result "0-1"]
[WhiteElo "1405"]
[BlackElo "1496"]
[PlyCount "76"]
[EventDate "2013.??.??"]

1. d4 d5 2. Nf3 Nf6 3. e3 Bg4 4. Be2 e6 5. O-O Bd6 6. b3 Nbd7 7. Nbd2 c5 8. Bb2
Rc8 9. Re1 O-O 10. Bd3 Qc7 11. h3 Bh5 12. Qc1 a6 13. dxc5 Bxc5 14. a4 Bb4 15.
Ba3 Bxa3 16. Qxa3 Nc5 17. Qb4 Nfd7 18. Qh4 Nxd3 19. cxd3 Bg6 20. d4 Qb6 21.
Rac1 Bc2 22. Ng5 Nf6 23. e4 h6 24. Ngf3 dxe4 25. Ne5 Qxd4 26. Ndc4 Bxb3 27.
Red1 Bxd1 28. Rb1 Bxa4 29. Rb4 Bb5 30. Nf3 Qd1+ 31. Kh2 exf3 32. gxf3 Qxf3 33.
Ne5 Qd5 34. Qf4 Bf1 35. Nf3 Bc4 36. Rxc4 Qxc4 37. Qe5 Qe4 38. Qb2 Qxf3 0-1

[Event "Championnat de France - Open D"]
[Site "NANCY"]
[Date "2013.08.13"]
[Round "2.5"]
[White "Saucey, Milena"]
[Black "De Talance, Stephane"]
[Result "1-0"]
[WhiteElo "1492"]
[BlackElo "1402"]
[PlyCount "83"]
[EventDate "2013.??.??"]

1. e4 d5 2. exd5 Nf6 3. Nc3 Nxd5 4. Nxd5 Qxd5 5. d4 Nc6 6. c3 Bf5 7. Nf3 e6 8.
Bd3 Bxd3 9. Qxd3 Be7 10. O-O O-O 11. Re1 Rad8 12. Qe2 Bf6 13. Bf4 Qd7 14. Rad1
Qe7 15. Qb5 Rb8 16. Ne5 Bxe5 17. Bxe5 a6 18. Qe2 Nxe5 19. Qxe5 Rbd8 20. d5 Qd6
21. Qxd6 Rxd6 22. dxe6 fxe6 23. Rxd6 cxd6 24. Rxe6 Rd8 25. Re7 b5 26. Ra7 Re8
27. Kf1 Re6 28. Rxa6 Kf7 29. Rb6 Kf6 30. Rxb5 g5 31. a4 h6 32. a5 Re7 33. a6
Ra7 34. Ra5 Ke6 35. b4 Kd7 36. b5 Kc7 37. Ra4 d5 38. Rd4 Kd6 39. Rb4 Ra8 40. b6
Kc6 41. b7 Rb8 42. a7 1-0

[Event "Championnat de France - Open D"]
[Site "NANCY"]
[Date "2013.08.13"]
[Round "2.6"]
[White "Mohr, Stephane"]
[Black "Reallon, Elsa"]
[Result "0-1"]
[WhiteElo "1399"]
[BlackElo "1491"]
[PlyCount "66"]
[EventDate "2013.??.??"]

1. e4 e6 2. d4 d5 3. Nc3 Nf6 4. Bg5 Be7 5. e5 Nfd7 6. Bxe7 Qxe7 7. Nf3 c5 8.
Nb5 Qd8 9. Nd6+ Kf8 10. c3 Nc6 11. Qd2 h6 12. Qf4 Qe7 13. Nh4 Kg8 14. Nf3 cxd4
15. cxd4 f6 16. exf6 Nxf6 17. Nxc8 Rxc8 18. a3 Rf8 19. Qd2 Ne4 20. Qe3 Qc7 21.
Bd3 Rf4 22. O-O Qf7 23. Rac1 a6 24. Bxa6 Ng5 25. Ne5 Nxe5 26. Rc8+ Kh7 27. Bd3+
Nxd3 28. Qxd3+ Qf5 29. Rxh8+ Kxh8 30. Qd2 Qg4 31. Kh1 Nf3 32. gxf3 Qxf3+ 33.
Kg1 Rg4# 0-1

[Event "Championnat de France - Open D"]
[Site "NANCY"]
[Date "2013.08.13"]
[Round "2.7"]
[White "Henri, Jacqueline"]
[Black "Blondel, Francis"]
[Result "0-1"]
[WhiteElo "1398"]
[BlackElo "1489"]
[PlyCount "104"]
[EventDate "2013.??.??"]

1. e4 c5 2. Nf3 e6 3. d4 cxd4 4. Nxd4 a6 5. Be2 Bc5 6. O-O Qc7 7. Nf3 Nc6 8.
Nc3 b5 9. a3 Ne5 10. g3 Nf6 11. Bf4 Bd6 12. Nxe5 Bxe5 13. Bxe5 Qxe5 14. Bf3 O-O
15. Re1 Bb7 16. Qe2 d5 17. exd5 Qxe2 18. Rxe2 Rfe8 19. Bg2 exd5 20. Rxe8+ Rxe8
21. Kf1 Ne4 22. Nxe4 dxe4 23. Re1 f5 24. Bh3 g6 25. Bg2 Rd8 26. Ke2 Rc8 27. c3
Bd5 28. Ke3 Bc4 29. Rd1 Bd3 30. Bf1 Bxf1 31. Rxf1 Rd8 32. Ke2 Kf7 33. Rd1 Rxd1
34. Kxd1 Ke6 35. Kd2 Ke5 36. b3 g5 37. c4 bxc4 38. bxc4 Kd4 39. c5 Kxc5 40. Kc3
h5 41. h3 Kd5 42. a4 f4 43. gxf4 gxf4 44. a5 h4 45. Kd2 Kd4 46. Ke2 Kc4 47. Kd2
Kd4 48. Ke2 Kc3 49. f3 e3 50. Kd1 Kd3 51. Ke1 e2 52. Kf2 Kd2 0-1

[Event "Championnat de France - Open D"]
[Site "NANCY"]
[Date "2013.08.13"]
[Round "2.8"]
[White "Kneib, Bernard"]
[Black "Ottinger, Thomas"]
[Result "1-0"]
[WhiteElo "1486"]
[BlackElo "1399"]
[PlyCount "145"]
[EventDate "2013.??.??"]

1. d4 d5 2. Nf3 c6 3. e3 Nf6 4. c3 e6 5. Bd3 Nbd7 6. O-O Bd6 7. Nbd2 e5 8. dxe5
Nxe5 9. Nxe5 Bxe5 10. Nf3 Qc7 11. Nxe5 Qxe5 12. h3 h5 13. Re1 Bf5 14. f3 Bxh3
15. f4 Qe6 16. gxh3 Qxh3 17. Qe2 O-O-O 18. Qg2 Qxg2+ 19. Kxg2 Ne4 20. Kf3 f5
21. Re2 g5 22. fxg5 Nxg5+ 23. Kf4 Ne4 24. Bd2 b5 25. Rg1 Rdg8 26. Rxg8+ Rxg8
27. Be1 Rg4+ 28. Ke5 Kb7 29. Rh2 Ng3 30. Bxg3 Rxg3 31. Kf4 h4 32. Bxf5 Kb6 33.
e4 dxe4 34. Bxe4 a6 35. Bf3 Rg1 36. Rxh4 Rf1 37. Ke3 Rc1 38. Rh2 Re1+ 39. Re2
Rg1 40. Rg2 Re1+ 41. Re2 Rg1 42. a3 a5 43. Kd2 Rg6 44. Kc2 c5 45. Be4 Re6 46.
Kd3 Rd6+ 47. Kc2 b4 48. axb4 axb4 49. c4 Re6 50. b3 Kc7 51. Kd3 Kd6 52. Ra2 Kc7
53. Ra7+ Kb6 54. Ra8 Rh6 55. Rf8 Rh3+ 56. Rf3 Rh6 57. Rg3 Ka5 58. Ke3 Rh8 59.
Kf4 Rh2 60. Ke5 Rh5+ 61. Bf5 Rh6 62. Be6 Kb6 63. Kd6 Rf6 64. Kd7 Rh6 65. Rd3
Rh5 66. Rd6+ Ka7 67. Rd3 Kb6 68. Kd6 Rg5 69. Rd5 Rg3 70. Rxc5 Rxb3 71. Rb5+ Ka7
72. Kc7 Ka6 73. Bc8+ 1-0

[Event "Championnat de France - Open D"]
[Site "NANCY"]
[Date "2013.08.13"]
[Round "2.9"]
[White "Gounant, Stanislas"]
[Black "Roman, Sylvian"]
[Result "0-1"]
[WhiteElo "1473"]
[BlackElo "1396"]
[PlyCount "68"]
[EventDate "2013.??.??"]

1. e4 e5 2. Nc3 Nf6 3. f4 d5 4. fxe5 Nxe4 5. d3 Nxc3 6. bxc3 Nc6 7. d4 Be6 8.
Nf3 Be7 9. Bd3 Na5 10. O-O c5 11. Bb5+ Nc6 12. Be2 c4 13. a4 a5 14. Ba3 b6 15.
Bxe7 Nxe7 16. Nd2 Nf5 17. Nb1 Ne3 18. Qc1 Nxf1 19. Bxf1 O-O 20. Na3 f5 21. Nb5
f4 22. Be2 g5 23. Qd1 Qe7 24. Nd6 h6 25. Bg4 Qd7 26. Bh5 Kg7 27. h3 Qe7 28. Bg4
Qd7 29. Bh5 Bxh3 30. gxh3 Qxh3 31. Bg4 Qg3+ 32. Kh1 Qh4+ 33. Kg1 Qg3+ 34. Kh1
f3 0-1

[Event "Championnat de France - Open D"]
[Site "NANCY"]
[Date "2013.08.13"]
[Round "2.10"]
[White "Darpoux, Danielle"]
[Black "Berthier, Grant"]
[Result "0-1"]
[WhiteElo "1391"]
[BlackElo "1472"]
[PlyCount "169"]
[EventDate "2013.??.??"]

1. e4 c5 2. Nf3 d6 3. h3 g6 4. Bc4 Bg7 5. d4 cxd4 6. Nxd4 Nf6 7. Nc3 O-O 8. O-O
a6 9. a3 Bd7 10. a4 Nc6 11. Be3 Rc8 12. Bd3 Re8 13. Nf3 Nb4 14. Ne2 Nxd3 15.
cxd3 e6 16. Rb1 Qa5 17. b3 e5 18. Bd2 Qd8 19. b4 d5 20. exd5 Nxd5 21. b5 axb5
22. axb5 b6 23. Ng3 Nc3 24. Bxc3 Rxc3 25. Ne4 Rc7 26. Re1 Bf5 27. g4 Be6 28.
Neg5 Bd5 29. Ne4 Rd7 30. Qc2 Rc7 31. Qe2 Qd7 32. Nfd2 Rec8 33. Qf1 Rc2 34. Nf3
Ba2 35. Rb4 Rd8 36. Rd1 Be6 37. Neg5 Bd5 38. Ne4 f6 39. g5 Qe7 40. Rdb1 Bxe4
41. Rxe4 fxg5 42. d4 Rd5 43. Qd3 Rc8 44. Qb3 Rcd8 45. dxe5 Kf8 46. e6 Rd3 47.
Qc2 Rxf3 48. Qc6 Rf5 49. Qxb6 Re8 50. Qe3 Qb7 51. b6 Bf6 52. Qa3+ Be7 53. Qd3
Rd8 54. Rd4 Rxd4 55. Qxd4 Kg8 56. Qd7 Qxd7 57. exd7 Rf8 58. Re1 Kf7 59. b7 Rb8
60. Rc1 Rxb7 61. Rd1 Rb8 62. Kg2 Ke6 63. Kf3 Rd8 64. Re1+ Kxd7 65. Rd1+ Ke8 66.
Rxd8+ Bxd8 67. Ke4 Kf7 68. f3 Ke6 69. f4 gxf4 70. Kxf4 Kf6 71. Kf3 Kf5 72. Kg2
Kf4 73. Kf2 h5 74. Kg2 Bh4 75. Kh1 Kg3 76. Kg1 Kxh3 77. Kh1 g5 78. Kg1 g4 79.
Kh1 Bf6 80. Kg1 g3 81. Kf1 g2+ 82. Ke2 g1=Q 83. Kd3 Qd4+ 84. Kc2 Qc3+ 85. Kd1
0-1

[Event "Championnat de France - Open D"]
[Site "NANCY"]
[Date "2013.08.14"]
[Round "3.1"]
[White "Courthaudon, Philippe"]
[Black "Mohit-Rodriguez, Dario"]
[Result "1-0"]
[WhiteElo "1499"]
[BlackElo "1430"]
[PlyCount "83"]
[EventDate "2013.??.??"]

1. Nf3 d5 2. g3 c5 3. Bg2 Nc6 4. d3 g6 5. Nbd2 Bg7 6. O-O Nf6 7. c3 O-O 8. e4
dxe4 9. Nxe4 Nxe4 10. dxe4 f5 11. Ng5 fxe4 12. Nxe4 Qxd1 13. Rxd1 c4 14. Nc5
Na5 15. Bg5 e5 16. Rd8 Rxd8 17. Bxd8 Nc6 18. Rd1 Bf8 19. Ne4 Bf5 20. Bg5 Be7
21. Bxe7 Nxe7 22. Nc5 e4 23. Nxe4 Bxe4 24. Bxe4 Nc6 25. Bd5+ Kg7 26. Bxc4 Rd8
27. Rxd8 Nxd8 28. Bd5 b6 29. Kg2 Kf6 30. Kf3 Ke5 31. c4 b5 32. b3 a5 33. Ke3
bxc4 34. bxc4 Ne6 35. Bxe6 Kxe6 36. Kd4 Kd6 37. c5+ Kc6 38. f4 h6 39. g4 Kd7
40. Kd5 Kc7 41. c6 a4 42. f5 1-0

[Event "Championnat de France - Open D"]
[Site "NANCY"]
[Date "2013.08.14"]
[Round "3.2"]
[White "Pedarrieu, Gerard"]
[Black "Couve, Mathieu"]
[Result "1-0"]
[WhiteElo "1496"]
[BlackElo "1425"]
[PlyCount "97"]
[EventDate "2013.??.??"]

1. e4 c5 2. Nc3 e6 3. Nf3 Nc6 4. Bc4 a6 5. a4 Qc7 6. d3 h6 7. Be3 Nf6 8. h3 Be7
9. Qd2 d6 10. Bf4 e5 11. Be3 Bd7 12. Rb1 Nd4 13. Qd1 Qa5 14. Ra1 Qb6 15. b3
Nxf3+ 16. Qxf3 Rf8 17. Bd2 O-O-O 18. a5 Qc7 19. Na4 Bxa4 20. Rxa4 Qd7 21. O-O
d5 22. exd5 Nxd5 23. Re1 f6 24. Raa1 g5 25. c3 Rh8 26. Rab1 Rhf8 27. b4 cxb4
28. cxb4 Nc7 29. Rec1 Kb8 30. Be3 Nb5 31. Bc5 Bxc5 32. bxc5 Na3 33. Rb6 Nxc4
34. Rxc4 Qd5 35. c6 Rf7 36. Qxd5 Rxd5 37. Rcb4 Rxa5 38. Rxb7+ Rxb7 39. Rxb7+
Kc8 40. Rf7 Rd5 41. Rxf6 Rxd3 42. Rxh6 Kc7 43. Rg6 Rd5 44. Rxg5 Kxc6 45. h4 a5
46. h5 a4 47. Rg3 e4 48. h6 Rh5 49. Rh3 1-0

[Event "Championnat de France - Open D"]
[Site "NANCY"]
[Date "2013.08.14"]
[Round "3.3"]
[White "Lopez, Charles"]
[Black "Saucey, Milena"]
[Result "1-0"]
[WhiteElo "1428"]
[BlackElo "1492"]
[PlyCount "93"]
[EventDate "2013.??.??"]

1. d4 Nf6 2. c4 e6 3. Nf3 Bb4+ 4. Nbd2 O-O 5. g3 c5 6. Bg2 Nc6 7. dxc5 Bxc5 8.
O-O d6 9. a3 a5 10. Nb3 Re8 11. Nxc5 dxc5 12. Qxd8 Rxd8 13. Be3 Ne4 14. Rfd1
Rxd1+ 15. Rxd1 f5 16. Nd2 Nxd2 17. Rxd2 Ne5 18. b3 a4 19. bxa4 Kf7 20. Bxc5
Rxa4 21. Rd8 Ra8 22. h4 Nc6 23. Rf8+ Kg6 24. f4 Ra5 25. Bd6 Bd7 26. Bf3 Nd4 27.
Bxb7 Nxe2+ 28. Kf2 Nd4 29. Ra8 Rxa8 30. Bxa8 Nc6 31. Bb4 Kh5 32. Ke3 Kg4 33.
Be1 e5 34. fxe5 Nxe5 35. Bd5 Ba4 36. Bc3 Nxc4+ 37. Bxc4 Kxg3 38. Be1+ Kg4 39.
Be2+ Kh3 40. Kf4 Bc2 41. Bb5 h6 42. h5 Be4 43. a4 Kg2 44. Bc3 Bf3 45. Be8 g5+
46. hxg6 Bd5 47. Kxf5 1-0

[Event "Championnat de France - Open D"]
[Site "NANCY"]
[Date "2013.08.14"]
[Round "3.4"]
[White "Reallon, Elsa"]
[Black "Joly, Audrey"]
[Result "0-1"]
[WhiteElo "1491"]
[BlackElo "1415"]
[PlyCount "52"]
[EventDate "2013.??.??"]

1. e4 e5 2. Nf3 Nc6 3. d4 exd4 4. Bc4 Be7 5. O-O d6 6. c3 dxc3 7. Nxc3 Nf6 8.
h3 O-O 9. Be3 Be6 10. Be2 Re8 11. Nh2 d5 12. exd5 Nxd5 13. Nxd5 Bxd5 14. Bf3
Bc4 15. Bxc6 bxc6 16. Qxd8 Rexd8 17. Rfc1 Bd5 18. Ng4 Bd6 19. a3 a6 20. Rc3
Rab8 21. b4 f5 22. Bg5 Rf8 23. Nf6+ gxf6 24. Bh6 Be5 25. Rd3 Bxa1 26. Rg3+ Kf7
0-1

[Event "Championnat de France - Open D"]
[Site "NANCY"]
[Date "2013.08.14"]
[Round "3.5"]
[White "Blondel, Francis"]
[Black "Aubert, Estee"]
[Result "1-0"]
[WhiteElo "1489"]
[BlackElo "1412"]
[Annotator "Rivier,Sylvain"]
[PlyCount "69"]
[EventDate "2013.??.??"]

1. d4 Nf6 2. c4 d6 3. Nc3 Nbd7 4. e4 e5 5. d5 c6 6. h3 Be7 7. Be3 Qc7 8. Bd3 b6
9. Nge2 cxd5 10. cxd5 Bb7 11. Rc1 Nc5 12. Bb5+ Nfd7 13. b4 Na6 14. Qa4 Qc8 15.
Bxa6 Bxa6 16. Nb5 Qb7 17. Nc7+ Kf8 18. Nxa8 Bxe2 19. Kxe2 Qxa8 20. Qxd7 f6 21.
Rc8+ Kf7 22. Qe6+ Kg6 23. Rxa8 Rxa8 24. Qxe7 Rc8 25. Rc1 Rxc1 26. Bxc1 h5 27.
Qe8+ Kh7 28. Qxh5+ Kg8 29. Qg6 Kf8 30. b5 Ke7 31. Qxg7+ Ke8 32. Ba3 f5 33. Bxd6
Kd8 34. Qe7+ Kc8 35. Qc7# 1-0

[Event "Championnat de France - Open D"]
[Site "NANCY"]
[Date "2013.08.14"]
[Round "3.6"]
[White "Roman, Sylvian"]
[Black "Kneib, Bernard"]
[Result "0-1"]
[WhiteElo "1396"]
[BlackElo "1486"]
[PlyCount "84"]
[EventDate "2013.??.??"]

1. e4 c5 2. c4 e6 3. Nc3 Nc6 4. g3 Nf6 5. Bg2 d6 6. d3 Be7 7. Nge2 O-O 8. O-O
Bd7 9. h3 a6 10. g4 Rb8 11. Ng3 b5 12. b3 Nd4 13. Nce2 Nxe2+ 14. Nxe2 Bc6 15.
f4 Ne8 16. Bb2 bxc4 17. dxc4 Bf6 18. Bxf6 Nxf6 19. Ng3 Qc7 20. Qc2 Rbd8 21.
Rad1 Qb7 22. Rd2 Qc7 23. g5 Ne8 24. Rfd1 g6 25. h4 Ng7 26. Rd3 f5 27. Qd2 fxe4
28. Bxe4 Bxe4 29. Nxe4 Nf5 30. Nf6+ Kg7 31. Qc3 Nd4 32. Re3 e5 33. fxe5 dxe5
34. Rde1 Rxf6 35. gxf6+ Kxf6 36. Rxe5 Qc8 37. Qg3 Kg7 38. Re7+ Kg8 39. Kg2 Nf5
40. Qe5 Nxe7 41. Qxe7 Qg4+ 42. Kh2 Rd2+ 0-1